Pee-wee Herman Quiz - Statistics

General Stats
  • This quiz has been taken 81 times
    9 since last reset
  • The average score is 20 of 25
Answer Stats
Hint Answer % Correct
Color of his suit gray
100%
What Pee-wee is searching for in that film his bike
100%
1986-1991 Saturday morning children's show Pee-wee's Playhouse
100%
Worn around his neck bow tie
89%
"I know you are..." "But what am I?"
89%
"That's my name..." "Don't wear it out."
89%
Ghost truck driver Large Marge
89%
Actor and creator Paul Reubens
89%
1985 film Pee-wee's Big Adventure
89%
“You don’t wanna get mixed up with a guy like me. I’m a loner, a..." "rebel."
89%
Song he dances to in the biker bar Tequila
89%
Director of that film (8th highest grossing of all time) Tim Burton
89%
1988 sequel film Big Top Pee-wee
78%
Bluish-green armchair with a face Chairry
78%
The name of the cowboy on that show Cowboy Curtis
78%
Major antagonist in that film Francis Buxton
78%
Late SNL actor who helped develop the character Phil Hartman
78%
Last animals he rescues from the pet shop snakes
78%
"It's somewhere else. Somewhere far away. The Alamo. In the..." "basement"
67%
The winged dinosaur Pterri
67%
Improvisational comedy team in which character was created The Groundlings
67%
The genie who says "Mecca lecca hi, mecca hiney ho" Jambi
56%
Actor who played the cowboy Laurence Fishburne
56%
1981 stage show shown on HBO The Pee-wee Herman Show
44%
2016 comeback film on Netflix Pee-wee's Big Holiday
33%
No matching quizzes found
Score Distribution
Percent of People with Each Score
Percentile by Number Answered
Your Score History
You have not taken this quiz since the last reset